000
00264nam a22001097a 4500
008
230704b xxu||||| |||| 00| 0 eng d
082
_a
362.2
_b
NAC
245
_a
Youth in Peril
_b
Alcohol and Drug Abuse in Kenya
260
_b
NACADA
300
_a
41p
942
_2
ddc
_c
BK
999
_c
3956
_d
3956